| 000 | 00545nam a2200229Ia 4500 | ||
|---|---|---|---|
| 003 | OSt | ||
| 005 | 20221005115158.0 | ||
| 006 | a|||||r|||| 00| 0 | ||
| 007 | ta | ||
| 008 | 221004b |||||||| |||| 00| 0 eng d | ||
| 024 | _a55725 | ||
| 037 | _cTextual | ||
| 040 |
_aCRL _cCRL _beng |
||
| 041 |
_2eng _aeng |
||
| 082 | _aV2:1:C, E1 | ||
| 100 |
_aRhys-Davies T W _9588104 |
||
| 245 | 0 | _aBuddhist India | |
| 260 | _c1911 | ||
| 650 | _aHISTORY | ||
| 942 |
_hV2:1:C, E1 _cTEXL _2cc |
||
| 999 |
_c1033660 _d1033660 |
||